MARC

LEADER 00000nam0a2200000 4500
001 46857
005 20231101211042.0
035 |a (RuTPU)RU\TPU\book\48916 
090 |a 46857 
100 |a 20030128d1985 m y0rusy50 ca 
101 0 |a rus 
102 |a RU 
105 |a a j 001zy 
200 1 |a Катализ в органической химии  |e учебное пособие  |f В. И. Иванский 
210 |a Ленинград  |c Изд-во ЛГУ  |d 1985 
215 |a 185 с.  |c ил. 
320 |a Библиогр.: с. 184. 
606 1 |a Органический катализ  |2 stltpush  |3 (RuTPU)RU\TPU\subj\75601  |9 87301 
610 1 |a органическая химия 
610 1 |a моделирование 
610 1 |a промышленность 
610 1 |a учебные пособия 
675 |a 547:544.47(075.8)  |v 3 
700 1 |a Иванский  |b В. И.  |g Владислав Иванович 
801 1 |a RU  |b 63413507  |c 20030128  |g PSBO 
801 2 |a RU  |b 63413507  |c 20160926  |g PSBO 
942 |c BK